Itu bukan duniaku

Bibliographic Details
Main Author: Shamsinar
Other Authors: Title
Format: Book
Published: Selangor : Pustaka Penamas , 2022
Series:Novel pilihan citra abadi
Subjects:

MARC

LEADER 00000cam a2200000 7i4500
001 0000087420
005 20230125162013.0
008 220220
020 |a 9789670488974 
041 0 |a Malay 
090 0 0 |a JF   |b MAL 
100 0 |a Shamsinar 
245 1 0 |a Itu bukan duniaku   |c Shamsinar 
260 |a Selangor :   |b Pustaka Penamas ,   |c 2022 
300 |a 216 p. :   |b ill. ;   |c 18.5 cm. 
490 0 |a Novel pilihan citra abadi 
500 |a Children ages 10-12 years old (pink) 
541 |c Purchased on 2021   |f 235/21 IMS   |h RM39.00 
650 0 |a Children's stories, Malay 
650 0 |a Malay fiction 
650 0 |a Malaysian fiction (Malay) 
700 0 |a Title 
999 |a 0001672937   |b Book   |c Adult Collection   |e Perbadanan Perpustakaan Awam Johor 
999 |a 0001672938   |b Book   |c Children Collection   |e Cawangan AEON Kulaijaya 
999 |a 0001672939   |b Book   |c Adult Collection   |e Cawangan Urban Transformation Centre 
999 |a 0001673095   |b Book   |c Children Collection   |e Cawangan Bukit Gambir 
999 |a 0001673096   |b Book   |c Children Collection   |e Cawangan Bandar Tenggara 
999 |a 0001673097   |b Book   |c Children Collection   |e Cawangan Pontian 
999 |a 0001673098   |b Book   |c Children Collection   |e Cawangan Taman Universiti 
999 |a 0001673099   |b Book   |c Children Collection   |e Cawangan Tangkak 
999 |a 0001673100   |b Book   |c Children Collection   |e Cawangan Tmn. Ungku Tun Aminah 
999 |a 0001673101   |b Book   |c Children Collection   |e Cawangan Muar 
999 |a 0001673102   |b Book   |c Children Collection   |e Cawangan Batu Pahat 
999 |a 0001673103   |b Book   |c Children Collection   |e Cawangan Bandar Penawar 
999 |a 0001673104   |b Book   |c Children Collection   |e Cawangan Taman Sri Lambak 
999 |a 0001673105   |b Book   |c Children Collection   |e Cawangan Kota Tinggi 
999 |a 0001673106   |b Book   |c Children Collection   |e Cawangan Segamat 
999 |a 0001673108   |b Book   |c Children Collection   |e Cawangan Mersing